|
|
|
|
| LEADER |
01063cam a2200265 7i4500 |
| 001 |
0000025424 |
| 005 |
20170717090000.0 |
| 020 |
|
|
|a 0521533341 (pbk.)
|
| 020 |
|
|
|a 9780521533348
|
| 050 |
0 |
0 |
|a PE1128.A2 SWA 2004
|
| 090 |
0 |
0 |
|a PE1128.A2
|b S93 2004
|
| 100 |
1 |
|
|a Swales, John M
|
| 245 |
1 |
0 |
|a Research genres :
|b explorations and applications
|c John M. Swales.
|
| 260 |
|
|
|a Cambridge:
|b Cambridge University Press,
|c 2004.
|
| 300 |
|
|
|a xii, 314 p.:
|b ill.;
|c 23 cm.
|
| 490 |
0 |
|
|a Cambridge applied linguistics series
|
| 650 |
0 |
0 |
|a Dissertations, Academic --
|x Authorship
|
| 650 |
0 |
0 |
|a Academic writing
|
| 650 |
0 |
0 |
|a Interdisciplinary approach in education
|
| 650 |
0 |
0 |
|a Research --
|x Methodology
|
| 650 |
0 |
0 |
|a English language --
|x Rhetoric --
|x Study and teaching
|
| 650 |
0 |
0 |
|a English language --
|x Study and teaching (Higher) --
|x Foreign speakers
|
| 997 |
|
|
|a Education & Social Sciences, Faculty
|b Education, Department
|
| 999 |
|
|
|a 0000033332
|b BOK
|c OPEN SHELF
|e 1st Floor, Bestari Jaya
|
| 999 |
|
|
|a 0000033333
|b BOK
|c OPEN SHELF
|e 1st Floor, Bestari Jaya
|